Sports Quiz

Random Sports or Country Quiz

2016 UEFA Euros qualifying all goal scorers part 2 Quiz Stats

 Plays Quiz not verified by Sporcle

Challenge
Share
Tweet
Embed
Score 0/178 Timer 20:00
0 Plays Today
Country Player % Correct
PortugalCristiano Ronaldo
88.9%
PolandRobert Lewandowski
87.7%
NetherlandsRobin van Persie
85.2%
SwedenZlatan Ibrahimović
85.2%
WalesGareth Bale
85.2%
NetherlandsArjen Robben
81.5%
PortugalNani
79%
SpainAndrés Iniesta
79%
SwitzerlandXherdan Shaqiri
72.8%
WalesAaron Ramsey
70.4%
NetherlandsKlaas-Jan Huntelaar
67.9%
SpainDavid Silva
67.9%
SpainSergio Ramos
67.9%
NetherlandsWesley Sneijder
66.7%
SpainPedro
66.7%
SlovakiaMarek Hamšík
64.2%
SpainDiego Costa
64.2%
MontenegroStevan Jovetić
60.5%
PolandArkadiusz Milik
59.3%
ScotlandSteven Fletcher
56.8%
Northern IrelandKyle Lafferty
55.6%
SpainSergio Busquets
54.3%
SwitzerlandGranit Xhaka
54.3%
TurkeyArda Turan
54.3%
UkraineAndriy Yarmolenko
53.1%
PortugalJoão Moutinho
51.9%
SpainJordi Alba
49.4%
TurkeyBurak Yılmaz
48.1%
UkraineYevhen Konoplyanka
46.9%
PolandJakub Błaszczykowski
45.7%
RussiaArtyom Dzyuba
45.7%
NetherlandsGeorginio Wijnaldum
44.4%
SpainPaco Alcácer
44.4%
SpainSanti Cazorla
42%
SwitzerlandHaris Seferović
42%
MontenegroMirko Vučinić
39.5%
Northern IrelandGareth McAuley
39.5%
RussiaAleksandr Kokorin
39.5%
SpainÁlvaro Morata
39.5%
Northern IrelandSteven Davis
38.3%
PortugalRicardo Carvalho
37%
SerbiaNemanja Matić
37%
SlovakiaVladimír Weiss
37%
SpainIsco
37%
WalesHal Robson-Kanu
35.8%
SwitzerlandFabian Schär
34.6%
SwitzerlandGökhan Inler
34.6%
PolandKamil Glik
32.1%
RussiaAlan Dzagoev
32.1%
ScotlandChris Martin
32.1%
SwitzerlandJohan Djourou
32.1%
SwitzerlandAdmir Mehmedi
32.1%
NetherlandsStefan de Vrij
30.9%
PolandGrzegorz Krychowiak
30.9%
SwedenMarcus Berg
30.9%
SwitzerlandJosip Drmić
30.9%
TurkeyHakan Çalhanoğlu
30.9%
ScotlandSteven Naismith
29.6%
ScotlandIkechi Anya
29.6%
NorwayJoshua King
28.4%
Country Player % Correct
PortugalFábio Coentrão
28.4%
SwitzerlandBreel Embolo
28.4%
PolandKamil Grosicki
27.2%
SpainMario Gaspar
27.2%
RomaniaBogdan Stancu
25.9%
SwitzerlandBlerim Džemaili
25.9%
TurkeySelçuk İnan
25.9%
MaltaMichael Mifsud
23.5%
SerbiaZoran Tošić
23.5%
MontenegroStefan Savić
22.2%
NetherlandsLuciano Narsingh
22.2%
Northern IrelandNiall McGinn
22.2%
PortugalMiguel Veloso
21%
RussiaSergei Ignashevich
21%
SloveniaMilivoje Novaković
21%
SwitzerlandValentin Stocker
21%
TurkeyUmut Bulut
21%
SerbiaAleksandar Kolarov
19.8%
Northern IrelandJosh Magennis
18.5%
SloveniaValter Birsa
18.5%
SerbiaAdem Ljajić
17.3%
SlovakiaMiroslav Stoch
17.3%
NorwayAlexander Tettey
16%
ScotlandMatt Ritchie
16%
SwitzerlandEren Derdiyok
16%
NetherlandsIbrahim Afellay
14.8%
NetherlandsJeffrey Bruma
14.8%
ScotlandShaun Maloney
14.8%
SlovakiaJuraj Kucka
14.8%
SlovakiaRóbert Mak
14.8%
SloveniaJosip Iličić
14.8%
Northern IrelandJamie Ward
13.6%
PolandSebastian Mila
13.6%
SloveniaBranko Ilić
13.6%
SwedenEmil Forsberg
13.6%
TurkeyOğuzhan Özyakup
13.6%
PolandBartosz Kapustka
12.3%
RomaniaAlexandru Maxim
12.3%
SwedenOla Toivonen
12.3%
Northern IrelandCraig Cathcart
11.1%
NorwayTarik Elyounoussi
11.1%
RomaniaCiprian Marica
11.1%
ScotlandJames McArthur
11.1%
SwedenJimmy Durmaz
11.1%
MoldovaAlexandru Epureanu
9.9%
PolandŁukasz Szukała
9.9%
RomaniaClaudiu Keșerü
9.9%
RussiaDmitri Kombarov
9.9%
SloveniaKevin Kampl
9.9%
SwedenErkan Zengin
9.9%
KazakhstanIslambek Kuat
8.6%
LatviaAleksandrs Cauņa
8.6%
LithuaniaArvydas Novikovas
8.6%
NorwayJo Inge Berget
8.6%
NorwayMats Møller Dæhli
8.6%
NorwayVegard Forren
8.6%
PolandSławomir Peszko
8.6%
RussiaFyodor Smolov
8.6%
SlovakiaPeter Pekarík
8.6%
SloveniaBoštjan Cesar
8.6%
Country Player % Correct
SpainJuan Bernat
8.6%
SwitzerlandMichael Lang
8.6%
UkraineArtem Kravets
8.6%
UkraineYevhen Seleznyov
8.6%
LiechtensteinSandro Wieser
7.4%
LuxembourgMario Mutsch
7.4%
MacedoniaAleksandar Trajkovski
7.4%
PolandKrzysztof Mączyński
7.4%
RomaniaRaul Rusescu
7.4%
SlovakiaAdam Nemec
7.4%
SlovakiaStanislav Šesták
7.4%
SwitzerlandPajtim Kasami
7.4%
WalesDavid Cotterill
7.4%
KazakhstanYuriy Logvinenko
6.2%
KazakhstanSamat Smakov
6.2%
LatviaAleksejs Višņakovs
6.2%
MacedoniaAgim Ibraimi
6.2%
NorwayMarkus Henriksen
6.2%
RomaniaOvidiu Hoban
6.2%
UkraineSerhiy Sydorchuk
6.2%
LatviaValērijs Šabala
4.9%
LithuaniaFiodor Černych
4.9%
LithuaniaDeivydas Matulevičius
4.9%
LuxembourgLars Krogh Gerson
4.9%
LuxembourgStefano Bensi
4.9%
LuxembourgDavid Turpel
4.9%
MaltaAlfred Effiong
4.9%
MontenegroDejan Damjanović
4.9%
NorwayHåvard Nordtveit
4.9%
NorwayAlexander Søderlund
4.9%
RomaniaPaul Papp
4.9%
SloveniaNejc Pečnik
4.9%
TurkeySerdar Aziz
4.9%
UkraineDenys Harmash
4.9%
KazakhstanRinat Abdulin
3.7%
LiechtensteinFranz Burgmeier
3.7%
LithuaniaSaulius Mikoliūnas
3.7%
LithuaniaLukas Spalvis
3.7%
MacedoniaArijan Ademi
3.7%
San MarinoMatteo Vitaioli
3.7%
SloveniaDejan Lazarević
3.7%
TurkeyBilal Kısa
3.7%
LatviaArtūrs Zjuzins
2.5%
LuxembourgSébastien Thill
2.5%
MacedoniaBesart Abdurahimi
2.5%
MaltaClayton Failla
2.5%
MontenegroFatos Bećiraj
2.5%
MontenegroŽarko Tomašević
2.5%
RomaniaConstantin Budescu
2.5%
RussiaOleg Kuzmin
2.5%
SlovakiaKornel Saláta
2.5%
SloveniaRobert Berić
2.5%
MacedoniaAdis Jahović
1.2%
MoldovaGheorghe Boghiu
1.2%
MoldovaEugeniu Cebotaru
1.2%
MoldovaAlexandru Dedov
1.2%
NorwayHåvard Nielsen
1.2%
SloveniaAndraž Struna
1.2%

You're not logged in!

Compare scores with friends on all Sporcle quizzes.
Join for Free
OR
Log In

You Might Also Like...

Show Comments

Extras

Top Quizzes Today


Score Distribution

Your Account Isn't Verified!

In order to create a playlist on Sporcle, you need to verify the email address you used during registration. Go to your Sporcle Settings to finish the process.

Report this User

Report this user for behavior that violates our Community Guidelines.

Details: